000 02302nam a22002894c 4500
003 AR-BaSMT
008 240614t2026 agad||gr|||| 001 0 spa d
020 _a9786316843005
040 _aBSGB
_bespañol
_erda
041 0 _aspa
_hespañol
080 _a614
100 1 _aArrieta, Ezequiel Martín
_9504
245 1 0 _aLo que el cuerpo sabe
_b: Cómo sentirte bien (casi) todo el tiempo
250 _aprimera edición
264 1 _aBuenos Aires:
_bEl Gato y La Caja,
_c2026.
300 _a296 páginas, Ilustraciones a color.
336 _aTexto
337 _aSin mediación
338 _aVolúmen
505 _aIndice: Cuerpos -- 8 Estrés -- 58 Descanso -- 116 Alimentación -- 174 Movimiento -- 236
520 1 _a¿Qué nos pide nuestro cuerpo para estar saludable? ¿Podemos darle lo que necesita? El médico y doctor en biología Ezequiel Arrieta aborda los cuatro pilares de la salud —alimentación, descanso, manejo del estrés y movimiento— en un libro con herramientas para entendernos y sentirnos mejor. Lejos de la segmentación que ofrece el sistema médico y sus especialidades —corazones por acá, piernas por allá, estómagos que no hablan con sus cerebros y cerebros que no leen bien su entorno—, este libro propone que volvamos a armar aquello que pasamos siglos despedazando: el cuerpo humano. Arrieta toma dos disciplinas basadas en evidencia —la medicina evolutiva y la medicina del estilo de vida— para ayudarnos a entender por qué nos sentimos mal en nuestros cuerpos, por qué no tiene sentido culparnos y, mejor aún, qué podemos hacer para cambiarlo. Son herramientas accesibles, de bajo costo y alto impacto. Estrés, descanso, comida y movimiento, las claves están ahí. Porque cuando aceptamos el cuerpo como uno solo, con todos sus sistemas relacionados, y aprendemos la historia milenaria que nos forjó, podemos acceder a lo que el cuerpo sabe, lo que ignora, lo que espera, lo que le hicieron creer y lo que todavía podemos enseñarle. Esta es una invitación a empezar por lo que tenés a mano. No para sentirte bien todo el tiempo porque eso es imposible. Pero casi.
521 _aPúblico general
530 _aDisponible gratuitamente online
650 4 _962
_aCIENCIA
_xMedicina
942 _2udc
_aBOOK
999 _c680
_d680